000 00333nam a2200133Ia 4500
008 240624s9999 xx 000 0 und d
041 _aeng
082 _a620.00688 RYA
100 _aRYANS ADRIAN
245 _aWINNING MARKET LEADERSHIP STRATEGIC MARK
260 _c2000
_aNew York
_bJohn Wiley
300 _a328 : p.
365 _c
_b30
999 _c24418
_d24418